Διαφορές στην αντίληψη του τοπίου της Πάφου, μεταξύ ντόπιων και ξένων τουριστών : διπλωματική εργασία

Αποθηκεύτηκε σε:
Λεπτομέρειες βιβλιογραφικής εγγραφής
Κύριος συγγραφέας: Κυριακίδης, Χαράλαμπος
Συγγραφή απο Οργανισμό/Αρχή: Πανεπιστήμιο Αιγαίου. Σχολή Κοινωνικών Επιστημών. Τμήμα Γεωγραφίας
Άλλοι συγγραφείς: Κίζος, Αθανάσιος (Εισηγητής διατριβής)
Μορφή: Thesis Βιβλίο
Γλώσσα:Greek
Δημοσίευση: 2008
Θέματα:
Διαθέσιμο Online:http://hdl.handle.net/11610/6274
Ετικέτες: Προσθήκη ετικέτας
Δεν υπάρχουν, Καταχωρήστε ετικέτα πρώτοι!

MARC

LEADER 00000cam a2200000 i 4500
001 1/58436
008 141022s2008 gre d
035 |l 10119523 
040 |a GR-MY-UA  |b gre  |e aacr 
041 0 |a gre 
082 0 |a 338.4791  |2 (22) 
100 1 |a Κυριακίδης, Χαράλαμπος. 
245 1 0 |a Διαφορές στην αντίληψη του τοπίου της Πάφου, μεταξύ ντόπιων και ξένων τουριστών :  |b διπλωματική εργασία /  |c επιμέλεια: Κυριακίδης Χαράλαμπος ; υπεύθυνος καθηγητής: Κίζος Θανάσης 
260 |c 2008 
300 |a 88 σ.;  |b εικ.;  |c 30 εκ. 
502 # # |a Πτυχιακή εργασία – Πανεπιστήμιο Αιγαίου, Λέσβος, 2008. 
504 |a Βιβλιογραφία: σ. 88 
650 0 0 |a Tourism  |z Cyprus  |z Paphos. 
650 0 0 |a Tourism  |x Social aspects  |z Cyprus. 
650 0 0 |a Tourists  |x Research. 
650 0 0 |a Dissertations, Academic  |z Greece. 
700 1 |4 ths  |a Κίζος, Αθανάσιος. 
710 2 |a Πανεπιστήμιο Αιγαίου.   |b Σχολή Κοινωνικών Επιστημών.   |b Τμήμα Γεωγραφίας. 
852 |a INST  |b LESVOS  |c DIATR  |e 20141022  |h 799  |p 005100055885  |q 005100055885  |t DIE  |y 23 
852 |a INST  |b LESVOS  |c DIATR  |e 20141022  |h 800  |p 005100055884  |q 005100055884  |t DIE  |y 23 
856 |u http://hdl.handle.net/11610/6274 
901 |a BIBL1-2014-3 
909 |a Λ  |b 190951 
909 |a Λ  |b 190952 
924 |a ΚΥΡΙΑΚΙΔΗΣ  |b ΧΑΡΑΛΑΜΠΟΣ  |y ΛΕΣΒΟΣ  |z 2014-10 
970 |a ΚΑΜΑΤΣΟΥ  |b ΔΕΣΠΟΙΝΑ  |z 2014/10/22